01018cam a2200253 a 450000100100000000500170001000800410002702000150006804000300008308200180011310000380013124501050016926000500027430000280032450000420035250400550039460000310044965000320048065000320051265000500054491000340059495201210062899900150074900000715520200929154100.0970909s1996 pr ac b 001 0bspa  a1563281058 aDO-SdBNPcDLCdDLCdBNPHU a920.72bP123F1 aFernández Sanz, Yolanda.91986013aTrina Padilla de Sanz, "La hija del Caribe" :bcolección de recuerdos de Yolanda Fernández Sanz. aSan Juan, Puerto Rico :bPlaza Mayor,cc1996. a189 p. :bil. ;c27 cm. aIncluye notas al pie de las páginas aIncluye referencias bibliográficas (p. 181-189).14aPADILLA SANZ, TRINA919861 4aBiografíaxMujeres919862 4aBiografíaxFamilia919863 4aAutores puertorriqueñosxBiografía919864 aCatalogación por copia / LC 001052708MOaGRbGRcCTd2009-09-04iLF1l0o920.72 P123Fp7155-10r2020-06-25w2020-06-25y2ZPréstamo interno c6936d6936